島原鉄道線の駅(2000年) - Statistics

General Stats
  • This quiz has been taken 8 times
  • The average score is 23 of 44
Answer Stats
所在地 備考 駅名 % Correct
諫早市 諫早
100%
島原
100%
廃止区間 有家
100%
南高来郡加津佐町(現:南島原市) 廃止区間 加津佐
100%
本諫早
83%
島原外港
83%
廃止区間 深江
83%
南高来郡布津町(現:南島原市) 廃止区間 布津新田
83%
廃止区間 布津
83%
南高来郡西有家町(現:南島原市) 廃止区間 西有家
83%
廃止区間 口之津
83%
67%
諫早東高校前
67%
南高来郡愛野町(現:雲仙市) 愛野
67%
吾妻
67%
南島原
67%
南高来郡深江町 (現:南島原市) 廃止区間 瀬野深江
67%
南高来郡有家町(現:南島原市) 廃止区間 堂崎
67%
廃止区間 蒲河
67%
廃止区間 龍石
67%
南高来郡南有馬町(現:南島原市) 廃止区間 常光寺前
67%
廃止区間 原城
67%
干拓の里
50%
南高来郡瑞穂町(現:雲仙市) 古部
50%
島鉄本社前
50%
廃止区間 秩父が浦
50%
廃止区間 安徳
50%
廃止区間 有馬吉川
50%
廃止区間 白浜海水浴場前
50%
南高来郡吾妻町(現:雲仙市) 阿母崎
33%
西郷
33%
大三東
33%
南高来郡北有馬町(現:南島原市) 廃止区間 北有馬
33%
南高来郡口之津町(現:南島原市) 廃止区間 東大屋
33%
北高来郡森山町(現:諫早市) 森山
17%
大正
17%
廃止区間 浦田観音
17%
小野本町
0%
釜ノ鼻
0%
南高来郡国見町(現:雲仙市) 神代町
0%
多比良町
0%
南高来郡有明町(現:島原市) 島鉄湯江
0%
松尾町
0%
島原市 三会
0%
No matching quizzes found
Score Distribution
Percent of People with Each Score
Percentile by Number Answered
Your Score History
You have not taken this quiz